000 00420nam a2200169Ia 4500
008 170705s9999 xx 000 0 und d
020 _a9780439649483
245 _aSmelly socks /
245 _cRobert Munsch ; illustrated by Michael Martchenko.
260 _aNew York :
260 _bScholastic,
260 _c2004
300 _a28 pages :
300 _bcolor illustration ;
300 _c20cm.
500 _a680
999 _c336795
_d336795